Statistics for Regions and Municipalities of Trinidad & Tobago

Click here to take the quiz!

General Stats

  • This quiz has been taken 1,399 times
  • The average score is 8 of 15

Answers on the Map

Answers color-coded by a green-red scale on the quiz's map according to % correct below.
 

Answer Stats

TypeSubdivision% Correct
CityPort of Spain
90%
WardTobago
90%
BoroughChaguanas
51%
CitySan Fernando
51%
BoroughArima
49%
RegionDiego Martin
48%
RegionSan Juan-Laventille
47%
BoroughPoint Fortin
46%
RegionMayaro-Rio Claro
44%
RegionPrinces Town
44%
RegionSangre Grande
44%
RegionTunapuna-Piarco
43%
RegionCouva-Tabaquite-Talparo
42%
RegionSiparia
42%
RegionPenal-Debe
40%

Score Distribution

Percentile by Number Answered

Percent of People with Each Score

Your Score History

You have not taken this quiz